Demony słowiańskie - Statystyki

Ogólne statystyki
  • Ten quiz został rozwiązany 51 razy
  • Średni wynik to 7 z 15
Statystyki odpowiedzi
Podpowiedź Odpowiedź % Poprawnych
Pan lasu i władca zwierząt leśnych. Inaczej: borowy, laskowiec, gajowy, leśnik... Leszy
89%
Złośliwy i morderczy demon polujący latem na tych, którzy w samo południe przebywali w polu. Stawały się nimi dusze kobiet zmarłych w trakcie ślubu, tuż przed/po nim. Południca
80%
Człowiek, który przemieniał się z własnej woli lub wskutek klątwy w wilka. Wilkołak
74%
Zły i podstępny demon wodny. Rodziły się z dusz topielców i poronionych płodów. Najbardziej znanym jest wodzisławski Zeflik. Utopiec
69%
Personifikacja nieszczęść, złego losu i chorób. Występuje w wielu popularnych powiedzeniach, np. "xxxxx nie śpi" Licho
66%
Zamieszkiwała lasy, pola i zbiorniki wodne. Piękna, naga dziewczyna z rozpuszczonymi, długimi włosami. Rusałka
60%
Zwana też marą. Istota półdemoniczna, dusza człowieka żyjącego lub zmarłego, która nocą męczyła śpiących, wysysając z nich krew. Zmora
49%
Zostawali nimi ludzie, którzy urodzili się z dwiema duszami (dwoma sercami). Sposobem na zapobiegnięcie przeistoczeniu się człowieka w tego demona było pochowanie go twarzą do dołu. Strzyga
43%
Szkodliwy i złośliwy demon leśny, nieprzyjaźnie nastawiony do ludzi. Mógł wnikać w człowieka i kierować jego działaniami. Pilnował też skarbów ukrytych w ziemi. Bies
40%
Opiekuńczy duch domu. Strzegł domu i obejścia, pomagał w codziennych pracach, troszczył się także o zwierzęta gospodarskie. Był traktowany jak członek rodziny. Domowik
37%
Demon śródlądowych zbiorników wodnych i ich władca. Stawało się nim dziecko, które utonęło nieochrzczone. Topił przeprawiające się przez rzekę zwierzęta, a także ludzi. Wodnik
37%
Przyjmował postać węża, psa, świni lub czarnego kota. Zsyłał na ludzi niepogodę i choroby, a także namawiał do samobójstwa. Po chrystianizacji stał się synonimem diabła. Czart
34%
Szkodliwy duch domowy. Przybierała postać maleńkiej kobiety, choć potrafiła także stać się niewidzialna. W "Wiedźminie" nazwano tak bagiennego potwora. Kikimora
31%
Demon żeński, będący personifikacją sił przyrody, wrogi wobec ludzi. Napadał na kobiety po porodzie i podmieniał im dzieci. Boginka
23%
Opiekował się dobytkiem i ogniskiem domowym. Utożsamiany z duszą martwego płodu. Przybierał najczęściej postać zmokłej kury. Kłobuk
17%
Nie znaleziono quizów pasujących do podanych kryteriów
Rozkład punktacji
Procent ludzi z każdym wynikiem
Percentyl według liczby udzielonych odpowiedzi
Twoja historia wyników
Nie rozwiązałeś tego quizu